Pandhra Lectures (Record no. 21036)

MARC details
000 -LEADER
fixed length control field 00237nam a22001217a 4500
082 ## - DEWEY DECIMAL CLASSIFICATION NUMBER
Classification number 239
Author Cutter IMA
100 ## - MAIN ENTRY--AUTHOR NAME
Author name Imaduddin
245 ## - TITLE STATEMENT
Title Pandhra Lectures
260 ## - PUBLICATION, DISTRIBUTION, ETC. (IMPRINT)
Place of publication Lahore
Year of publication 1930
300 ## - PHYSICAL DESCRIPTION
Number of Pages 132
650 ## - SUBJECT ADDED ENTRY--TOPICAL TERM
Topical Term Christianity
942 ## - ADDED ENTRY ELEMENTS (KOHA)
Koha item type Books

No items available.

                   Copyright © 2026 | Henry Martyn Institute | Hyderabad | TS-500052 | INDIA | Implemented by hmi.edu.in
Hit-Count:

Powered by Koha